000 00336 a2200157 4500
001 184834
020 _a85-85645-02-04
040 _cMagnum
100 _aAndrade, Wagner Matias de
240 1 0 _aA gangue e o 5s
_lpor
245 1 0 _aA gangue e o 5s
300 _a103
362 0 _a1994
697 _aLITERATURA JUVENIL
942 _cBK
999 _c184834
_d184834